Allenatori vincitori Serie A - Statistics

Statistiche generali
  • Questo quiz è stato fatto 136 volte
  • Il punteggio medio è 42 su 120
Statistiche sulle risposte
Hint Hint Risposta % Corretto
2010-11 Milan Massimiliano Allegri
100%
2014-15 Juventus Massimiliano Allegri
100%
2015-16 Juventus Massimiliano Allegri
100%
2016-17 Juventus Massimiliano Allegri
100%
2017-18 Juventus Massimiliano Allegri
100%
2018-19 Juventus Massimiliano Allegri
100%
2011-12 Juventus Antonio Conte
99%
2012-13 Juventus Antonio Conte
99%
2013-14 Juventus Antonio Conte
99%
2020-21 Inter Antonio Conte
99%
2024-25 Napoli Antonio Conte
99%
2023-24 Inter Simone Inzaghi
98%
2008-09 Inter José Mourinho
92%
2009-10 Inter José Mourinho
92%
2022-23 Napoli Luciano Spalletti
91%
2021-22 Milan Stefano Pioli
90%
2003-04 Milan Carlo Ancelotti
86%
2019-20 Juventus Maurizio Sarri
85%
1991-92 Milan Fabio Capello
81%
1992-93 Milan Fabio Capello
81%
1993-94 Milan Fabio Capello
81%
1995-96 Milan Fabio Capello
81%
2000-01 Roma Fabio Capello
81%
2004-05 Juventus (revocato) Fabio Capello
81%
1994-95 Juventus Marcello Lippi
81%
1996-97 Juventus Marcello Lippi
81%
1997-98 Juventus Marcello Lippi
81%
2001-02 Juventus Marcello Lippi
81%
2002-03 Juventus Marcello Lippi
81%
1987-88 Milan Arrigo Sacchi
80%
2005-06 Inter Roberto Mancini
73%
2006-07 Inter Roberto Mancini
73%
2007-08 Inter Roberto Mancini
73%
1976-77 Juventus Giovanni Trapattoni
71%
1977-78 Juventus Giovanni Trapattoni
71%
1980-81 Juventus Giovanni Trapattoni
71%
1981-82 Juventus Giovanni Trapattoni
71%
1983-84 Juventus Giovanni Trapattoni
71%
1985-86 Juventus Giovanni Trapattoni
71%
1988-89 Inter Giovanni Trapattoni
71%
1999-00 Lazio Sven Goran Eriksson
49%
1962-63 Inter Helenio Herrera
44%
1964-65 Inter Helenio Herrera
44%
1965-66 Inter Helenio Herrera
44%
1966-67 Juventus Heriberto Herrera
44%
1970-71 Inter Heriberto Herrera | Giovanni Invernizzi
44%
1990-91 Sampdoria Vujadin Boskov
40%
1978-79 Milan Nils Liedholm
38%
1982-83 Roma Nils Liedholm
38%
1998-99 Milan Alberto Zaccheroni
36%
1961-62 Milan Nereo Rocco
35%
1967-68 Milan Nereo Rocco
35%
1986-87 Napoli Ottavio Bianchi
33%
1984-85 Verona Osvaldo Bagnoli
27%
1989-90 Napoli Alberto Bigon
19%
1979-80 Inter Eugenio Bersellini
14%
1975-76 Torino Luigi Radice
14%
1973-74 Lazio Tommaso Maestrelli
14%
1930-31 Juventus Carlo Carcano
9%
1931-32 Juventus Carlo Carcano
9%
1932-33 Juventus Carlo Carcano
9%
1933-34 Juventus Carlo Carcano
9%
1934-35 Juventus Carlo Carcano | Carlo Bigatto
9%
1971-72 Juventus Cestmir Vycpalek
9%
1972-73 Juventus Cestmir Vycpalek
9%
1955-56 Fiorentina Fulvio Bernardini
9%
1963-64 Bologna Fulvio Bernardini
9%
1959-60 Juventus Carlo Parola
7%
1960-61 Juventus Carlo Parola
7%
1974-75 Juventus Carlo Parola
7%
1969-70 Cagliari Manlio Scopigno
7%
1952-53 Inter Alfredo Foni
6%
1953-54 Inter Alfredo Foni
6%
1968-69 Fiorentina Bruno Pesaola
6%
1929-30 Inter Arpad Weisz
3%
1935-36 Bologna Arpad Weisz
3%
1936-37 Bologna Arpad Weisz
3%
1938-39 Bologna Arpad Weisz | Hermann Felsner
3%
1920-21 Pro Vercelli Guido Ara
3%
1921-22 (CCI) Pro Vercelli Guido Ara & Giuseppe Parodi
3%
1901 Milan Herbert Kilpin
3%
1906 Milan Herbert Kilpin
3%
1957-58 Juventus Ljubisa Brocic
3%
1954-55 Milan Bela Guttmann | Hector Puricelli
2%
1951-52 Juventus Gianpiero Combi & Luigi Bertolini | Gyorgy Sarosi
2%
1956-57 Milan Giuseppe Viani
2%
1949-50 Juventus Jesse Carver
2%
1948-49 Torino Leslie Lievesley
2%
1945-1946 Torino Luigi Ferrero
2%
1946-1947 Torino Luigi Ferrero
2%
1909-10 Inter Virgilio Fossati
2%
1937-38 Inter Armando Castellazzi
1%
1919-20 Inter Francesco Mauro & Nino Resegotti
1%
1924-25 Bologna Hermann Felsner
1%
1928-29 Bologna Hermann Felsner
1%
1940-41 Bologna Hermann Felsner
1%
1898 Genoa James Spensley
1%
1899 Genoa James Spensley
1%
1900 Genoa James Spensley
1%
1902 Genoa James Spensley
1%
1903 Genoa James Spensley
1%
1925-26 Juventus Jeno Karoly | Jozsef Viola
1%
1950-51 Milan Lajos Czeizler
1%
1947-48 Torino Mario Sperone
1%
1927-28 Torino Tony Cargnelli
1%
1939-40 Inter Tony Cargnelli
1%
1914-15 Genoa William Garbutt
1%
1922-23 Genoa William Garbutt
1%
1923-24 Genoa William Garbutt
1%
1941-42 Roma Alfred Schaffer
0%
1942-43 Torino Andras Kuttik | Antonio Janni
0%
1907 Milan Daniele Angeloni
0%
1909 Pro Vercelli Giuseppe Milano
0%
1910-11 Pro Vercelli Giuseppe Milano
0%
1911-12 Pro Vercelli Giuseppe Milano
0%
1912-13 Pro Vercelli Giuseppe Milano
0%
1926-27 Torino (revocato) Imre Schoffer
0%
1904 Genoa Karl Senft
0%
1958-59 Milan Luigi Bonizzoni
0%
1908 Pro Vercelli Marcello Bertinetti
0%
Nessun quiz corrispondente trovato
Distribuzione punteggi
Percentuale di utenti per punteggio
Percentile per numero di risposta
I tuoi punteggi nel tempo
Non hai fatto questo quiz